General English For Competitions (Record no. 49809)
[ view plain ]
| 000 -LEADER | |
|---|---|
| fixed length control field | 00393nam a2200157Ia 4500 |
| 008 - FIXED-LENGTH DATA ELEMENTS--GENERAL INFORMATION | |
| fixed length control field | 220530s9999 xx 000 0 und d |
| 020 ## - INTERNATIONAL STANDARD BOOK NUMBER | |
| International Standard Book Number | 81-219-1762 |
| 041 ## - LANGUAGE CODE | |
| Language code of text/sound track or separate title | eng |
| 082 ## - DEWEY DECIMAL CLASSIFICATION NUMBER | |
| Classification number | 420 |
| Item number | KAP |
| 100 ## - MAIN ENTRY--PERSONAL NAME | |
| Personal name | Kapoor A N |
| 9 (RLIN) | 54470 |
| 245 ## - TITLE STATEMENT | |
| Title | General English For Competitions |
| 250 ## - EDITION STATEMENT | |
| Edition statement | 1st |
| 260 ## - PUBLICATION, DISTRIBUTION, ETC. (IMPRINT) | |
| Place of publication, distribution, etc. | New Delhi |
| Name of publisher, distributor, etc. | S Chand |
| Date of publication, distribution, etc. | 2008 |
| 300 ## - PHYSICAL DESCRIPTION | |
| Extent | I to XI, 1 to 524 |
| Other physical details | PB |
| 906 ## - LOCAL DATA ELEMENT F, LDF (RLIN) | |
| a | 68.67 |
| b | ALIED |
| Withdrawn status | Lost status | Damaged status | Not for loan | Collection code | Home library | Current library | Date acquired | Vendor | Cost, normal purchase price | Full call number | Barcode | Date last seen | Cost, replacement price | Bill Date | Koha item type | Original Barcode |
|---|---|---|---|---|---|---|---|---|---|---|---|---|---|---|---|---|
| Allied Science | Cummins College of Engineering for Women Nagpur | Cummins College of Engineering for Women Nagpur | 07/04/2010 | S. Chand and Co | 275.00 | 420/KAP | CEWN-BK-2194 | 30/05/2022 | 206.33 | 30/05/2022 | Books | 002194 | ||||
| Allied Science | Cummins College of Engineering for Women Nagpur | Cummins College of Engineering for Women Nagpur | 07/04/2010 | S. Chand and Co | 275.00 | 420/KAP | CEWN-BK-2195 | 30/05/2022 | 206.33 | 30/05/2022 | Books | 002195 | ||||
| Allied Science | Cummins College of Engineering for Women Nagpur | Cummins College of Engineering for Women Nagpur | 07/04/2010 | S. Chand and Co | 275.00 | 420/KAP | CEWN-BK-2196 | 30/05/2022 | 206.33 | 30/05/2022 | Books | 002196 | ||||
| Allied Science | Cummins College of Engineering for Women Nagpur | Cummins College of Engineering for Women Nagpur | 07/04/2010 | S. Chand and Co | 275.00 | 420/KAP | CEWN-BK-2197 | 30/05/2022 | 206.33 | 30/05/2022 | Books | 002197 | ||||
| Allied Science | Cummins College of Engineering for Women Nagpur | Cummins College of Engineering for Women Nagpur | 07/04/2010 | S. Chand and Co | 275.00 | 420/KAP | CEWN-BK-2198 | 30/05/2022 | 206.33 | 30/05/2022 | Books | 002198 | ||||
| Allied Science | Cummins College of Engineering for Women Nagpur | Cummins College of Engineering for Women Nagpur | 07/04/2010 | S. Chand and Co | 275.00 | 420/KAP | CEWN-BK-2199 | 30/05/2022 | 206.33 | 30/05/2022 | Books | 002199 |